Normal view
MARC view
- Ahmed Shauja Pasha
Entry Personal Name
001 - CONTROL NUMBER
- control field: 65368
003 - CONTROL NUMBER IDENTIFIER
- control field: NUST
005 - DATE AND TIME OF LATEST TRANSACTION
- control field: 20210628203426.0
008 - FIXED-LENGTH DATA ELEMENTS
- fixed length control field: 210628|| aca||aabn | a|a d
040 ## - CATALOGING SOURCE
- Original cataloging agency: NUST
- Transcribing agency: NUST
100 ## - HEADING--PERSONAL NAME
- Personal name: Ahmed Shauja Pasha
670 ## - SOURCE DATA FOUND
- Source citation: Work cat.: (NUST): Ahmed Shauja Pasha, 72 din, 4th july 1947 to 14 aug 1947 tak, 2002
